Z neznámých důvodů /

Hlavní autor: Frýbová, Zdena, 1934-2010
Jazyk: Čeština
Vydáno: Praha : Šulc - Švarc, 2011
Vydání: 5. vyd.
Témata:
Fyzický popis: 540 s. ; 21 cm
Knihy
Uloženo v:
LEADER 00996nam a2200325 a 4500
001 nkc20102156615
003 CZ PrNK
005 20110224154923.0
007 ta
008 101215s2011 xr g 000 f cze
015 |a cnb002156615 
020 |a 978-80-7244-288-1  |q (váz.) :  |c Kč 369,00 
035 |a (OCoLC)707609300 
040 |a OLA001  |b cze 
072 7 |a 821.162.3-3  |x Česká próza  |2 Konspekt  |9 25 
080 |a 821.162.3-31  |2 MRF 
080 |a (0:82-31)  |2 MRF 
100 1 |a Frýbová, Zdena,  |d 1934-2010  |7 jk01032058  |4 aut 
245 1 0 |a Z neznámých důvodů /  |c Zdena Frýbová 
250 |a 5. vyd. 
260 |a Praha :  |b Šulc - Švarc,  |c 2011 
300 |a 540 s. ;  |c 21 cm 
655 7 |a české romány  |7 fd133974  |2 czenas 
655 9 |a Czech fiction  |2 eczenas 
910 2 |a BOA001  |b 2-1261.218 
928 9 |a Švarc - Šulc 
990 |a BK 
995 |a 01 
991 |b 201102  |e b 
996 6 |b 2610467788  |c 2-1261.218  |l MZK  |r Sklad / do 1 hodiny  |n 2  |p p.v.  |w 001168049  |u 000010  |a 1  |e BOA001  |j MZK50  |s P